LIBRARY & INFORMATION CENTRE, KCAET, TAVANUR

ONLINE PUBLIC ACCESS CATALOGUE (OPAC)

Normal view MARC view
  • Conrad, A.G

Entry Personal Name

Number of records used in: 1

001 - CONTROL NUMBER

  • control field: 6565

003 - CONTROL NUMBER IDENTIFIER

  • control field: OSt

005 - DATE AND TIME OF LATEST TRANSACTION

  • control field: 20241223155801.0

008 - FIXED-LENGTH DATA ELEMENTS

  • fixed length control field: 241223|| aca||aabn | a|a d

040 ## - CATALOGING SOURCE

  • Original cataloging agency: OSt
  • Transcribing agency: OSt

100 ## - HEADING--PERSONAL NAME

  • Personal name: Conrad, A.G

670 ## - SOURCE DATA FOUND

  • Source citation: Work cat.: (OSt)8732: Puchstein, A.F . 6564, Alternating current machine / , 1964.
free website counter